Il Correggio e gli Emiliani / (Record no. 178440)

MARC details
000 -LEADER
campo de control de longitud fija 00810nam a2200253 i 4500
001 - NÚMERO DE CONTROL
campo de control 178440
003 - IDENTIFICADOR DE NÚMERO DE CONTROL
campo de control ES-MaACL
005 - FECHA Y HORA DE LA ÚLTIMA TRANSACCIÓN
campo de control 20230906220533.0
008 - DATOS DE LONGITUD FIJA--INFORMACIÓN GENERAL
campo de control de longitud fija 110527s1943 it f |||| |dita d
080 ## - NÚMERO DE LA CLASIFICACIÓN DECIMAL UNIVERSAL
Número de la Clasificación Decimal Universal 75(450)
080 ## - NÚMERO DE LA CLASIFICACIÓN DECIMAL UNIVERSAL
Número de la Clasificación Decimal Universal 75.034(450)5
100 1# - ENTRADA PRINCIPAL--NOMBRE DE PERSONA
Nombre de persona Bodmer, Enrico.
9 (RLIN) 146785
245 13 - MENCIÓN DEL TÍTULO
Título Il Correggio e gli Emiliani /
Mención de responsabilidad, etc. Enrico Bodmer.
260 ## - PUBLICACIÓN, DISTRIBUCIÓN, ETC.
Lugar de publicación, distribución, etc. Novara :
Nombre del editor, distribuidor, etc. Istituto geografico De Agostini,
Fecha de publicación, distribución, etc. [1943]
300 ## - DESCRIPCIÓN FÍSICA
Extensión XLVI, 112 p. de lám. ;
Dimensiones 25 cm.
490 1# - MENCIÓN DE SERIE
Mención de serie Storia della pittura italiana ;
Designación de volumen o secuencia 4
500 ## - NOTA GENERAL
Nota general Índices.
546 ## - NOTA DE IDIOMA
Nota de lengua/lenguaje Texto en italiano.
650 #4 - PUNTO DE ACCESO ADICIONAL DE MATERIA--TÉRMINO DE MATERIA
Término de materia o nombre geográfico como elemento de entrada Pintura renacentista-
Subdivisión geográfica Italia.
9 (RLIN) 16077
710 2# - ENTRADA AGREGADA--NOMBRE DE ENTIDAD CORPORATIVA
Nombre de entidad corporativa o nombre de jurisdicción como elemento de entrada Istituto geografico De Agostini.
9 (RLIN) 173295
830 0# - PUNTO DE ACCESO ADICIONAL DE SERIE-TÍTULO UNIFORME
Título uniforme Storia della pittura italiana ;
Designación de volumen o secuencia 4
9 (RLIN) 190974
852 ## - LOCALIZACIÓN
Ubicación ES-MaACL
Número de control de estantería E-15207
Encuadernación Olim P-940
Holdings
Estatus retirado Estado de pérdida Estado de daño No para préstamo Biblioteca de origen Biblioteca actual Ubicación en estantería Fecha de adquisición Fuente de adquisición Total de préstamos Signatura topográfica completa Código de barras Visto por última vez Precio de reemplazo Tipo de ítem Koha
        Biblioteca del Ateneo de Madrid Biblioteca del Ateneo de Madrid Depósito 2 27/05/2011     E-15207 1187442 23/02/2023 23/02/2023 Libro impreso